000 00473nam a22001697a 4500
999 _c12230
_d12230
008 210125b ||||| |||| 00| 0 eng d
082 0 0 _a669.94
_bC5921
100 _94411
_aClark, Donald S.
245 1 0 _aPhysical metallurgy for engineers
_cBy Donald S. Clark
250 _a2nd ed.
260 _aPrinceton
_bD. Van Nostrand Company
_c1963
300 _axv,629 p.
365 _d14.50
650 0 _aPhysical Metallurgy
700 _94412
_aVarney, Wilbur R.
942 _cBK